| 000 | 01022nam a22003857a 4500 | ||
|---|---|---|---|
| 001 | BR7503886 | ||
| 003 | BR-BrBNA | ||
| 005 | 20230928084834.0 | ||
| 007 | ta | ||
| 008 | 230509b bl.||||| |||| 00| 0 por d | ||
| 040 |
_aBR-BrBNA _bpor _cBiblioteca Nacional de Agricultura |
||
| 041 | _a(Por) | ||
| 072 |
_aL01; E70 _b5212 _b5300 _b/G514 |
||
| 090 | _ 5212 BR7503886 | ||
| 100 | 1 | _aNoskoski, C. | |
| 100 | 1 | _aBrandt, S.A. | |
| 100 | 1 | _aSchwindt, M.H. | |
| 100 | 1 | _aAad Neto, A. | |
| 100 | 1 | _aSilva, M.B.P. da | |
| 100 | 1 | _aRezende, A.M. | |
| 100 | 1 | _aLadeira, H.H. | |
| 100 | 1 | _aHartz, J.L. | |
| 245 | 1 | _aPre-estudo de viabilidade de abata-frigorificacao de bovinos e suinos no Territorio Federal de Roraima | |
| 260 | 3 |
_aBoa Vista, RR (Brasil): _c1975. |
|
| 300 | _a33 p. | ||
| 500 | _a19 ref. | ||
| 650 | _aBOVINO | ||
| 650 | _aSUINO | ||
| 650 | _aABATE | ||
| 650 | _aFRIGORIFICO | ||
| 650 | _aCOMERCIALIZACAO | ||
| 650 | _aRORAIMA | ||
| 909 |
_a202309 _bLucia _c55 _dLucia Elande |
||
| 942 | _cBK | ||
| 999 |
_c21392 _d21392 |
||